000 00441pab a2200145 454500
008 180718b1983 xxu||||| |||| 00| 0 eng d
100 _aLewis, C.
245 _aConsider the present use of police manpower including civilian staff and suggest ways in which all resources could be used more effectively
260 _c1983
300 _a19-29
362 _aJan.-Mar.
650 _aPolice - U.K.
773 _aPolice Journal
909 _a15186
999 _c15186
_d15186